<?xml version="1.0" encoding="UTF-8"?>
<record
    xmlns:xsi="http://www.w3.org/2001/XMLSchema-instance"
    xsi:schemaLocation="http://www.loc.gov/MARC21/slim http://www.loc.gov/standards/marcxml/schema/MARC21slim.xsd"
    xmlns="http://www.loc.gov/MARC21/slim">

  <leader>03056nam2a22003851  4500</leader>
  <controlfield tag="001">RU\NLR\A1\57</controlfield>
  <controlfield tag="005">20251203152403.2</controlfield>
  <datafield tag="035" ind1=" " ind2=" ">
    <subfield code="a">(NLR Aleph) 009670228</subfield>
  </datafield>
  <datafield tag="090" ind1=" " ind2=" ">
    <subfield code="a">13473893</subfield>
    <subfield code="c">13473893</subfield>
  </datafield>
  <datafield tag="100" ind1=" " ind2=" ">
    <subfield code="a">19960516d1793    m  y0rusy50      ca</subfield>
  </datafield>
  <datafield tag="101" ind1="1" ind2=" ">
    <subfield code="a">rus</subfield>
    <subfield code="b">fre</subfield>
    <subfield code="c">ger</subfield>
  </datafield>
  <datafield tag="140" ind1=" " ind2=" ">
    <subfield code="a">y   y    ga        yaa0000  </subfield>
  </datafield>
  <datafield tag="200" ind1="0" ind2=" ">
    <subfield code="a">&#x427;.2</subfield>
  </datafield>
  <datafield tag="215" ind1=" " ind2=" ">
    <subfield code="a">[4], 146 &#x441;.</subfield>
  </datafield>
  <datafield tag="316" ind1=" " ind2=" ">
    <subfield code="a">&#x42D;&#x43A;&#x437;. &#x420;&#x41D;&#x411; (18.263.4.1(&#x447;.2)): &#x447;.1-2 &#x432; &#x43E;&#x434;&#x43D;&#x43E;&#x43C; &#x43F;&#x435;&#x440;. &#x41D;&#x430; &#x441;.146 &#x43A;&#x440;&#x443;&#x433;&#x43B;&#x44B;&#x439; &#x448;&#x442;&#x430;&#x43C;&#x43F; &#x413;&#x41F;&#x411;.</subfield>
    <subfield code="5">NLR: 18.263.4.1(&#x447;.2)</subfield>
  </datafield>
  <datafield tag="316" ind1=" " ind2=" ">
    <subfield code="a">&#x42D;&#x43A;&#x437;. &#x420;&#x41D;&#x411; (138/604(&#x447;.2)): &#x447;.1-2 &#x432; &#x43E;&#x434;&#x43D;&#x43E;&#x43C; &#x43F;&#x435;&#x440;. &#x41D;&#x430; &#x441;.[4] &#x43D;&#x430;&#x43A;&#x43B;&#x435;&#x439;&#x43A;&#x430; &#x441; &#x448;&#x438;&#x444;&#x440;&#x43E;&#x43C; &#x420;&#x41D;&#x411;. &#x42D;&#x43A;&#x437;. &#x434;&#x435;&#x444;.: &#x43E;&#x442;&#x441;&#x443;&#x442;&#x441;&#x442;&#x432;&#x443;&#x435;&#x442; &#x448;&#x43C;&#x443;&#x446;&#x442;&#x438;&#x442;. ( &#x441;.1-2).</subfield>
    <subfield code="5">NLR: 138/604(&#x447;.2)</subfield>
  </datafield>
  <datafield tag="316" ind1=" " ind2=" ">
    <subfield code="a">&#x42D;&#x43A;&#x437;. &#x420;&#x41D;&#x411; (&#x420;&#x417;&#x424; 18 &#x432;. 3/1027 (&#x447;.2)): &#x447;.1-2 &#x432; &#x43E;&#x434;&#x43D;&#x43E;&#x43C; &#x43F;&#x435;&#x440;. &#x41D;&#x430; &#x441;.146 &#x442;&#x435;&#x445;&#x43D;. &#x448;&#x442;&#x430;&#x43C;&#x43F;.</subfield>
    <subfield code="5">NLR: &#x420;&#x417;&#x424; 18 &#x432;. 3/1027 (&#x447;.2)</subfield>
  </datafield>
  <datafield tag="316" ind1=" " ind2=" ">
    <subfield code="a">&#x42D;&#x43A;&#x437;. &#x420;&#x41D;&#x411; (&#x420;&#x417;&#x424; 18 &#x432;. 3/1027 (&#x447;.2)&#x430;): &#x447;.1-2 &#x432; &#x43E;&#x434;&#x43D;&#x43E;&#x43C; &#x43F;&#x435;&#x440;. &#x42D;&#x43A;&#x437;. &#x434;&#x435;&#x444;.: &#x43E;&#x442;&#x441;&#x443;&#x442;&#x441;&#x442;&#x432;&#x443;&#x44E;&#x442; &#x441;.[1-4]</subfield>
    <subfield code="5">NLR: &#x420;&#x417;&#x424; 18 &#x432;. 3/1027 (&#x447;.2)&#x430;</subfield>
  </datafield>
  <datafield tag="317" ind1=" " ind2=" ">
    <subfield code="a">&#x42D;&#x43A;&#x437;. &#x420;&#x41D;&#x411; (18.263.4.1(&#x447;.2)) &#x438;&#x437; &#x431;-&#x43A;&#x438; &#x410;.&#x420;.&#x411;&#x430;&#x442;&#x430;&#x448;&#x451;&#x432;&#x430;. &#x41A;&#x443;&#x43F;&#x43B;&#x435;&#x43D; &#x443; &#x412;.&#x418;.&#x41A;&#x43B;&#x43E;&#x447;&#x43A;&#x43E;&#x432;&#x430;.</subfield>
    <subfield code="5">NLR: 18.263.4.1(&#x447;.2)</subfield>
  </datafield>
  <datafield tag="317" ind1=" " ind2=" ">
    <subfield code="a">&#x412; &#x44D;&#x43A;&#x437;. &#x420;&#x41D;&#x411; (138/604(&#x447;.2)) &#x43D;&#x430; &#x441;.[3] &#x448;&#x442;&#x430;&#x43C;&#x43F; &#x44D;&#x43A;&#x441;&#x43B;&#x438;&#x431;&#x440;&#x438;&#x441; &#x431;-&#x43A;&#x438; &#x415;.&#x41A;&#x43E;&#x441;&#x438;&#x446;&#x43A;&#x43E;&#x433;&#x43E; (&#x411;&#x43E;&#x433;&#x43E;&#x43C;&#x43E;&#x43B;&#x43E;&#x432; 7644 (&#x43E;&#x448;&#x438;&#x431;.: 7744))</subfield>
    <subfield code="5">NLR: 138/604(&#x447;.2)</subfield>
  </datafield>
  <datafield tag="317" ind1=" " ind2=" ">
    <subfield code="a">&#x412; &#x44D;&#x43A;&#x437;. &#x420;&#x41D;&#x411; (&#x420;&#x417;&#x424; 18 &#x432;. 3/1027 (&#x447;.2)&#x430;) &#x43D;&#x430; &#x441;.1 &#x432;&#x43B;&#x430;&#x434;&#x435;&#x43B;&#x44C;&#x447;. &#x448;&#x442;&#x430;&#x43C;&#x43F; (&#x412;&#x435;&#x43D;&#x437;&#x435;&#x43B;&#x44C; &#x43D;&#x430; &#x442;&#x435;&#x43C;&#x43D;&#x43E;&#x43C; &#x444;&#x43E;&#x43D;&#x435; &#x43F;&#x43E;&#x434; &#x43F;&#x440;&#x43E;&#x441;&#x442;&#x43E;&#x439; &#x434;&#x432;&#x43E;&#x440;&#x44F;&#x43D;&#x441;&#x43A;&#x43E;&#x439; &#x43A;&#x43E;&#x440;&#x43E;&#x43D;&#x43E;&#x439; &#x432; &#x43E;&#x432;&#x430;&#x43B;&#x435; 21&#x445;19 &#x43C;&#x43C;).</subfield>
    <subfield code="5">NLR: &#x420;&#x417;&#x424; 18 &#x432;. 3/1027 (&#x447;.2)&#x430;</subfield>
  </datafield>
  <datafield tag="461" ind1=" " ind2="1">
    <subfield code="1">001RU\NLR\A1\55</subfield>
    <subfield code="1">2000#$a&#x424;&#x430;&#x431;&#x438;&#x439; &#x438; &#x41A;&#x430;&#x442;&#x43E;&#x43D;$e&#x41F;&#x43E;&#x432;&#x435;&#x441;&#x442;&#x44C; &#x432;&#x437;&#x44F;&#x442;&#x430;&#x44F; &#x438;&#x437; &#x440;&#x438;&#x43C;&#x441;&#x43A;&#x43E;&#x439; &#x438;&#x441;&#x442;&#x43E;&#x440;&#x438;&#x438;$f&#x421;&#x43E;&#x447;&#x438;&#x43D;&#x435;&#x43D;&#x438;&#x435; &#x441;&#x43B;&#x430;&#x432;&#x43D;&#x430;&#x433;&#x43E; &#x413;&#x430;&#x43B;&#x43B;&#x435;&#x440;&#x430;$g&#x41F;&#x435;&#x440;&#x435;&#x432;&#x435;&#x43B; &#x441; &#x444;&#x440;&#x430;&#x43D;&#x446;&#x443;&#x437;&#x441;&#x43A;&#x430;&#x433;&#x43E; &#x41F;&#x430;&#x432;&#x435;&#x43B; &#x41F;&#x43E;&#x43B;&#x43E;&#x43D;&#x441;&#x43A;&#x438;&#x439;$v&#x427;.2</subfield>
    <subfield code="1">700#1$6z01700$a&#x413;&#x430;&#x43B;&#x43B;&#x435;&#x440;$b&#x410;. &#x444;&#x43E;&#x43D;$f1708-1777$g&#x410;&#x43B;&#x44C;&#x431;&#x440;&#x435;&#x445;&#x442; &#x444;&#x43E;&#x43D;$4070</subfield>
    <subfield code="1">700#1$6z01700$7ba$aHaller$bA. von$gAlbrecht von</subfield>
    <subfield code="9">9657533</subfield>
    <subfield code="a">&#x413;&#x430;&#x43B;&#x43B;&#x435;&#x440;, &#x410;. &#x444;&#x43E;&#x43D; (1708-1777)</subfield>
    <subfield code="c">&#x412; &#x421;&#x430;&#x43D;&#x43A;&#x442;&#x43F;&#x435;&#x442;&#x435;&#x440;&#x431;&#x443;&#x440;&#x433;&#x435;</subfield>
    <subfield code="d">1793</subfield>
    <subfield code="f">&#x421;&#x43E;&#x447;&#x438;&#x43D;&#x435;&#x43D;&#x438;&#x435; &#x441;&#x43B;&#x430;&#x432;&#x43D;&#x430;&#x433;&#x43E; &#x413;&#x430;&#x43B;&#x43B;&#x435;&#x440;&#x430;.</subfield>
    <subfield code="n">[&#x422;&#x438;&#x43F;. &#x41E;&#x432;&#x447;&#x438;&#x43D;&#x43D;&#x438;&#x43A;&#x43E;&#x432;&#x430;]</subfield>
    <subfield code="o">&#x41F;&#x43E;&#x432;&#x435;&#x441;&#x442;&#x44C; &#x432;&#x437;&#x44F;&#x442;&#x430;&#x44F; &#x438;&#x437; &#x440;&#x438;&#x43C;&#x441;&#x43A;&#x43E;&#x439; &#x438;&#x441;&#x442;&#x43E;&#x440;&#x438;&#x438;</subfield>
    <subfield code="t">&#x424;&#x430;&#x431;&#x438;&#x439; &#x438; &#x41A;&#x430;&#x442;&#x43E;&#x43D;</subfield>
    <subfield code="v">&#x427;.2</subfield>
  </datafield>
  <datafield tag="482" ind1=" " ind2="0">
    <subfield code="1">001RU\NLR\A1\56</subfield>
    <subfield code="1">2000#$a&#x427;.1</subfield>
    <subfield code="9">13473892</subfield>
    <subfield code="p">[8], 124 &#x441;.</subfield>
    <subfield code="t">&#x427;.1</subfield>
  </datafield>
  <datafield tag="702" ind1=" " ind2="1">
    <subfield code="a">&#x41A;&#x43E;&#x441;&#x438;&#x446;&#x43A;&#x438;&#x439;</subfield>
    <subfield code="b">&#x415;.&#x412;.</subfield>
    <subfield code="g">&#x415;&#x444;&#x438;&#x43C; &#x412;&#x430;&#x441;&#x438;&#x43B;&#x44C;&#x435;&#x432;&#x438;&#x447;</subfield>
    <subfield code="5">NLR: 138/604 (&#x447;.2)</subfield>
    <subfield code="4">390</subfield>
  </datafield>
  <datafield tag="702" ind1=" " ind2="1">
    <subfield code="4">390</subfield>
    <subfield code="7">ca</subfield>
    <subfield code="8">rus</subfield>
    <subfield code="a">&#x411;&#x430;&#x442;&#x430;&#x448;&#x451;&#x432;</subfield>
    <subfield code="b">&#x410;. &#x420;.</subfield>
    <subfield code="f">1724-1799</subfield>
    <subfield code="g">&#x410;&#x43D;&#x434;&#x440;&#x435;&#x439; &#x420;&#x43E;&#x434;&#x438;&#x43E;&#x43D;&#x43E;&#x432;&#x438;&#x447;</subfield>
    <subfield code="9">177276</subfield>
    <subfield code="3">RU\NLR\AUTH\770177327</subfield>
  </datafield>
  <datafield tag="702" ind1=" " ind2="1">
    <subfield code="4">390</subfield>
    <subfield code="7">ca</subfield>
    <subfield code="8">rus</subfield>
    <subfield code="a">&#x41A;&#x43B;&#x43E;&#x447;&#x43A;&#x43E;&#x432;</subfield>
    <subfield code="b">&#x412;. &#x418;.</subfield>
    <subfield code="f">&#x43E;&#x43A;.1861-1915</subfield>
    <subfield code="g">&#x412;&#x430;&#x441;&#x438;&#x43B;&#x438;&#x439; &#x418;&#x432;&#x430;&#x43D;&#x43E;&#x432;&#x438;&#x447;</subfield>
    <subfield code="9">172600</subfield>
    <subfield code="3">RU\NLR\AUTH\770172651</subfield>
  </datafield>
  <datafield tag="801" ind1=" " ind2="0">
    <subfield code="a">RU</subfield>
    <subfield code="b">NLR</subfield>
    <subfield code="c">19960516</subfield>
  </datafield>
  <datafield tag="852" ind1=" " ind2=" ">
    <subfield code="a">NLR</subfield>
    <subfield code="j">18.263.4.1(&#x447;.2)</subfield>
  </datafield>
  <datafield tag="852" ind1=" " ind2=" ">
    <subfield code="a">NLR</subfield>
    <subfield code="j">138/604(&#x447;.2)</subfield>
  </datafield>
  <datafield tag="852" ind1=" " ind2=" ">
    <subfield code="a">NLR</subfield>
    <subfield code="b">&#x420;&#x417;&#x424;</subfield>
    <subfield code="j">18 &#x432;. 3/1027 (&#x447;.2)</subfield>
  </datafield>
  <datafield tag="852" ind1=" " ind2=" ">
    <subfield code="a">NLR</subfield>
    <subfield code="b">&#x420;&#x417;&#x424;</subfield>
    <subfield code="j">18 &#x432;. 3/1027 (&#x447;.2)&#x430;</subfield>
    <subfield code="y">&#x42D;&#x43A;&#x437;. &#x434;&#x435;&#x444;.</subfield>
  </datafield>
  <datafield tag="942" ind1=" " ind2=" ">
    <subfield code="c">BOOK</subfield>
  </datafield>
  <datafield tag="980" ind1=" " ind2=" ">
    <subfield code="a">A1XVIIIv</subfield>
  </datafield>
  <datafield tag="980" ind1=" " ind2=" ">
    <subfield code="a">NB</subfield>
  </datafield>
</record>
